00185nam a2200073Ia 4500008004100000082000800041100002000049245004200069240331s9999 xx 000 0 und d bILl aHuman right. ed 0aElangai :bmanida urimeigalim enilai